Score 0/22 Timer 03:00
4 Plays Today
Song Title Missing Word % Correct
Stairway to ______Heaven
97%
_____ and ConfusedDazed
95.1%
When the Levee ______Breaks
93.3%
____ the Hills and Far AwayOver
91.8%
_____ Lotta LoveWhole
90.5%
Ten _____ GoneYears
87.6%
Trampled ____ FootUnder
87.3%
___ My LoveAll
86.5%
What Is and What Should _____ BeNever
86%
Achilles Last _____Stand
84.4%
Living Loving Maid (She's ____ a Woman)Just
84.1%
Song Title Missing Word % Correct
Custard ___Pie
83.1%
Good _____ Bad _____Times
81.1%
The Song _______ the SameRemains
80.3%
Babe I'm Gonna _____ YouLeave
79.3%
Nobody's _____ but MineFault
68.2%
_________ SongImmigrant
66.1%
D'yer _____Mak'er
62.4%
The Battle of ________Evermore
57.9%
No _______Quarter
50.1%
_______ PoleGallows
44.6%
Black _______ WomanCountry
30.4%

Today's Daily Dose

Remove Ads.
Support Sporcle.
Get the best of Sporcle when you Go Orange. This ad-free experience offers more features, more stats, and more fun while also helping to support Sporcle. Thank you for becoming a member.

You're not logged in!

Compare scores with friends on all Sporcle quizzes.
OR
Log In

Show Comments

Extras

Top Quizzes Today


Score Distribution

Your Account Isn't Verified!

In order to create a playlist on Sporcle, you need to verify the email address you used during registration. Go to your Sporcle Settings to finish the process.

Report this User

Report this user for behavior that violates our Community Guidelines.

Details: